[Event "ICS rated standard match"]
[Site "204.178.125.65"]
[Date "2000.05.09"]
[Round "?"]
[White "Hossa"]
[Black "Palanthor"]
[Result "0-1"]
[WhiteElo "2330"]
[BlackElo "2351"]
[PlyCount "144"]
[EventDate "2000.??.??"]

1. e4 c5 2. Nf3 d6 3. d4 cxd4 4. Nxd4 Nf6 5. Nc3 a6 6. Bg5 e6 7. f4 Qc7 8. Qf3
b5 9. f5 b4 10. Ncb5 axb5 11. Bxb5+ Bd7 12. fxe6 Bxb5 13. Nxb5 Qc5 14. Bxf6
fxe6 15. Nd4 gxf6 16. Nxe6 Qxc2 17. O-O Nd7 18. Rac1 Qa4 19. Nc7+ Kd8 20. Qh5
Qa7+ 21. Kh1 Qxc7 22. Rxc7 Kxc7 23. Qb5 Kd8 24. Ra1 Rb8 25. Qa5+ Ke7 26. a3
bxa3 27. bxa3 Bg7 28. Rd1 Ra8 29. Qc3 Ra6 30. Qg3 Bh6 31. Qh3 Bg5 32. Qf3 h6
33. Qg3 h5 34. h4 Bh6 35. Qf3 Ra5 36. Qg3 Ne5 37. Qb3 Rd8 38. Ra1 Rda8 39. Ra2
Ra4 40. Qb7+ Nd7 41. Qd5 R4a5 42. Qd1 Re5 43. g4 Rxe4 44. Re2 Rxe2 45. Qxe2+
Ne5 46. Qb2 Ra4 47. Qb7+ Nd7 48. Qb5 Nc5 49. Qb1 Rxg4 50. Qh7+ Bg7 51. Qxh5 Ne4
52. Qa5 f5 53. Qc7+ Ke6 54. Qc8+ Ke5 55. Qc2 Kf4 56. Qc1+ Kf3 57. Qd1+ Kg3 58.
Qe1+ Kh3 59. Qf1+ Kxh4 60. Qe1+ Kh5 61. Qe3 Bd4 62. Qxd4 Ng3+ 63. Kg2 Rxd4 64.
Kxg3 d5 65. Kf2 Re4 66. Kg3 d4 67. a4 d3 68. a5 d2 69. a6 d1=Q 70. a7 Qg1+ 71.
Kf3 Re3+ 72. Kf4 Qf2# {Hossa checkmated} 0-1

[Event "ICS rated blitz match"]
[Site "204.178.125.65"]
[Date "2000.05.10"]
[Round "?"]
[White "vadux"]
[Black "Hossa"]
[Result "0-1"]
[WhiteElo "2261"]
[BlackElo "2484"]
[PlyCount "52"]
[EventDate "2000.??.??"]

1. d4 Nf6 2. c4 e6 3. Nf3 b6 4. a3 Bb7 5. Nc3 d5 6. Bg5 Be7 7. Qa4+ Bc6 8. Qb3
Nbd7 9. e3 O-O 10. cxd5 exd5 11. Be2 Bb7 12. Rd1 c6 13. O-O Ne4 14. Bf4 g5 15.
Bg3 Nxg3 16. hxg3 g4 17. Ne1 Nf6 18. Nd3 Bd6 19. Nf4 Re8 20. Bd3 Bxf4 21. gxf4
g3 22. Rde1 gxf2+ 23. Rxf2 Ng4 24. Rfe2 Qh4 25. g3 Qxg3+ 26. Rg2 Qxe1+ {
vadux resigns} 0-1

[Event "ICS rated blitz match"]
[Site "204.178.125.65"]
[Date "2000.05.10"]
[Round "?"]
[White "Hossa"]
[Black "vadux"]
[Result "1-0"]
[WhiteElo "2491"]
[BlackElo "2254"]
[PlyCount "103"]
[EventDate "2000.??.??"]

1. e4 c6 2. d4 d5 3. Nc3 dxe4 4. Nxe4 Nf6 5. Nxf6+ gxf6 6. c3 Bf5 7. Nf3 e6 8.
Bf4 Bd6 9. Bxd6 Qxd6 10. Qb3 Qc7 11. O-O-O Nd7 12. Rd2 O-O-O 13. Qa3 Kb8 14. c4
Nb6 15. Nh4 Bg6 16. Qf3 Qe7 17. Qg3+ Ka8 18. Nxg6 hxg6 19. f4 c5 20. Qa3 Qc7
21. Qe3 cxd4 22. Rxd4 e5 23. fxe5 fxe5 24. Rxd8+ Rxd8 25. b3 f5 26. Be2 e4 27.
Kb1 Qe5 28. Qg5 Rd6 29. Qh6 a6 30. Re1 f4 31. Qf8+ Ka7 32. Bd1 e3 33. Bc2 g5
34. Re2 Nd7 35. Qc8 Nc5 36. Qg8 Rd2 37. Rxd2 exd2 38. Qd5 Qe3 39. Kb2 Ne6 40.
Bd1 Qe1 41. Kc2 g4 42. b4 Qe3 43. Qxd2 Nd4+ 44. Kc1 Qa3+ 45. Kb1 Nc6 46. b5
axb5 47. cxb5 Nb4 48. Qd4+ Ka8 49. Qd8+ Ka7 50. b6+ Ka6 51. Qa8+ Kxb6 52. Qxa3
{vadux resigns} 1-0

[Event "ICS rated blitz match"]
[Site "204.178.125.65"]
[Date "2000.05.10"]
[Round "?"]
[White "vadux"]
[Black "Hossa"]
[Result "0-1"]
[WhiteElo "2247"]
[BlackElo "2498"]
[PlyCount "56"]
[EventDate "2000.??.??"]

1. d4 d5 2. c4 e6 3. Nc3 c5 4. cxd5 exd5 5. Nf3 Nc6 6. g3 Nf6 7. Bg2 Be7 8. O-O
O-O 9. dxc5 Bxc5 10. Bg5 d4 11. Bxf6 Qxf6 12. Nd5 Qd8 13. Nd2 Re8 14. Rc1 Bd6
15. Nc4 Bc5 16. a3 Bg4 17. Re1 Rc8 18. b4 Bf8 19. Nf4 Qd7 20. h3 Bf5 21. Qb3 b5
22. Nb2 Ne5 23. Kh2 Qd6 24. Nfd3 Rxc1 25. Rxc1 Nxd3 26. exd3 Re2 27. Rc2 Be6
28. Nc4 bxc4 {vadux resigns} 0-1

[Event "ICS rated blitz match"]
[Site "204.178.125.65"]
[Date "2000.05.10"]
[Round "?"]
[White "Hossa"]
[Black "vadux"]
[Result "1-0"]
[WhiteElo "2504"]
[BlackElo "2241"]
[PlyCount "61"]
[EventDate "2000.??.??"]

1. c4 e5 2. Nc3 Nc6 3. g3 g6 4. Bg2 Bg7 5. Rb1 a5 6. Nf3 Nf6 7. d4 exd4 8. Nxd4
O-O 9. Nxc6 dxc6 10. O-O Qxd1 11. Rxd1 a4 12. Bf4 Be6 13. Bxc7 Bxc4 14. Bb6
Rfe8 15. e3 Ng4 16. a3 Ne5 17. Rd2 Be6 18. Bc5 Nc4 19. Re2 Nxb2 20. Rbxb2 Bxc3
21. Rxb7 Reb8 22. Bxc6 Rxb7 23. Bxb7 Rb8 24. Be4 f5 25. Bd3 Kf7 26. e4 fxe4 27.
Rxe4 Bb3 28. Bc4+ Bxc4 29. Rxc4 Rb1+ 30. Kg2 Be5 31. Rxa4 {vadux resigns} 1-0

[Event "ICS rated blitz match"]
[Site "204.178.125.65"]
[Date "2000.05.10"]
[Round "?"]
[White "vadux"]
[Black "Hossa"]
[Result "0-1"]
[WhiteElo "2235"]
[BlackElo "2510"]
[PlyCount "116"]
[EventDate "2000.??.??"]

1. d4 d5 2. c4 e6 3. Nc3 Nf6 4. cxd5 exd5 5. Bg5 Be7 6. e3 O-O 7. Bd3 c6 8. Qc2
Nbd7 9. Nf3 Kh8 10. O-O h6 11. Bh4 Re8 12. Rab1 Kg8 13. b4 a6 14. a4 b6 15.
Rfc1 a5 16. b5 c5 17. Bf5 c4 18. Rd1 g5 19. Bg3 Bb4 20. Rbc1 Bxc3 21. Qxc3 Nf8
22. Bb1 Bg4 23. Re1 Bxf3 24. gxf3 Ne6 25. h4 Nd7 26. hxg5 Qxg5 27. Kg2 Rac8 28.
Rh1 Nf6 29. Rh4 Qg7 30. Rch1 h5 31. Bc2 Rcd8 32. Bd1 Nf8 33. Bc2 Ng6 34. Rxh5
Nxh5 35. Rxh5 Kf8 36. Qa3+ Kg8 37. Qc1 Kf8 38. Qh1 Ke7 39. Qh3 Nf8 40. Qf5 Ne6
41. Kf1 Rh8 42. Bh4+ f6 43. Rxh8 Qxh8 44. Bg3 Ng7 45. Qf4 Qh1+ 46. Ke2 Qc1 47.
Bg6 Qb2+ 48. Kf1 Qa1+ 49. Kg2 Ne6 50. Qh6 Rg8 51. Bf5 Qxa4 52. Qh3 Nf8 53. e4
c3 54. e5 Qxd4 55. exf6+ Qxf6 56. Bc2 Ne6 57. Qh7+ Rg7 58. Qd3 Nf4+ {
vadux resigns} 0-1

[Event "ICS rated blitz match"]
[Site "204.178.125.65"]
[Date "2000.05.10"]
[Round "?"]
[White "Hossa"]
[Black "vadux"]
[Result "1-0"]
[WhiteElo "2515"]
[BlackElo "2230"]
[PlyCount "35"]
[EventDate "2000.??.??"]

1. e4 c6 2. d4 d5 3. Nc3 dxe4 4. Nxe4 Nf6 5. Nxf6+ gxf6 6. c3 Qc7 7. Bd3 Be6 8.
Ne2 Nd7 9. Bf4 Qb6 10. b3 Bd5 11. O-O Rg8 12. Bg3 h5 13. Nf4 h4 14. Bxh4 O-O-O
15. Qh5 Kb8 16. Bg3 Ka8 17. Nxd5 cxd5 18. Qxf7 {vadux resigns} 1-0

[Event "ICS rated blitz match"]
[Site "204.178.125.65"]
[Date "2000.05.10"]
[Round "?"]
[White "vadux"]
[Black "Hossa"]
[Result "0-1"]
[WhiteElo "2225"]
[BlackElo "2520"]
[PlyCount "65"]
[EventDate "2000.??.??"]

1. e4 e5 2. Nf3 Nc6 3. Bb5 a6 4. Ba4 Nf6 5. O-O Be7 6. Re1 b5 7. Bb3 d6 8. c3
O-O 9. h3 Bb7 10. d4 Re8 11. d5 Na5 12. Bc2 c6 13. dxc6 Nxc6 14. Nbd2 Qc7 15.
Nf1 Nd8 16. Bg5 Ne6 17. Bxf6 Bxf6 18. Ne3 Nc5 19. Nd5 Bxd5 20. Qxd5 Red8 21.
Rad1 a5 22. Nh2 Bg5 23. Nf1 b4 24. c4 a4 25. g3 b3 26. axb3 axb3 27. Bb1 Qd7
28. Kg2 Qe7 29. h4 Bh6 30. Bd3 Ra2 31. Be2 Rxb2 32. Bg4 Qf6 33. Rd2 {
vadux resigns} 0-1

[Event "ICS rated blitz match"]
[Site "204.178.125.65"]
[Date "2000.05.10"]
[Round "?"]
[White "Hossa"]
[Black "vadux"]
[Result "1-0"]
[WhiteElo "2525"]
[BlackElo "2220"]
[PlyCount "59"]
[EventDate "2000.??.??"]

1. e4 c5 2. Nf3 e6 3. d4 cxd4 4. Nxd4 Nf6 5. Nc3 d6 6. Be2 Be7 7. O-O O-O 8. f4
a6 9. Be3 Qc7 10. Qe1 b5 11. Bf3 Bb7 12. e5 Ne8 13. Bxb7 Qxb7 14. Qd2 Nd7 15.
Nf3 Rc8 16. a3 g6 17. g3 dxe5 18. fxe5 Ng7 19. Rad1 Nb6 20. Bxb6 Qxb6+ 21. Kh1
Rcd8 22. Qe2 Nf5 23. Rxd8 Rxd8 24. Nd1 Nd4 25. Nxd4 Qxd4 26. Nc3 Qd2 27. Qe4
Rd4 28. Qf3 f5 29. exf6 Bf8 30. Rd1 {vadux resigns} 1-0

[Event "ICS rated blitz match"]
[Site "204.178.125.65"]
[Date "2000.05.10"]
[Round "?"]
[White "vadux"]
[Black "Hossa"]
[Result "1-0"]
[WhiteElo "2215"]
[BlackElo "2530"]
[PlyCount "149"]
[EventDate "2000.??.??"]

1. d4 Nf6 2. c4 e6 3. Nf3 b6 4. a3 Bb7 5. Nc3 d5 6. Bg5 Be7 7. Qa4+ Bc6 8. Qb3
Nbd7 9. e3 O-O 10. cxd5 exd5 11. Bd3 h6 12. Bh4 Bb7 13. Bf5 c6 14. O-O Ne4 15.
Bg3 Nxg3 16. hxg3 Ba6 17. Rfe1 Qc7 18. Rac1 Qb7 19. e4 dxe4 20. Bxe4 Rae8 21.
Ne5 Nxe5 22. dxe5 Bg5 23. f4 Be7 24. Bf3 Bc5+ 25. Kh2 Bf2 26. Red1 Be3 27. Rc2
Rd8 28. Ne4 Rxd1 29. Bxd1 Qd7 30. Bf3 Bd4 31. Nd6 c5 32. Bd5 Qc7 33. Qf3 Qe7
34. Nf5 Qd8 35. Qg4 Bxe5 36. fxe5 Qg5 37. Qxg5 hxg5 38. g4 g6 39. Nh6+ Kg7 40.
Nxf7 Rxf7 41. Bxf7 Kxf7 42. Rf2+ Ke7 43. Rf6 Bd3 44. Kg3 Be4 45. Kf2 Ke8 46. g3
Bc2 47. Ke3 Ke7 48. Kd2 Bb1 49. Kc3 Be4 50. Kc4 Kd8 51. Kb5 Kc8 52. Rf7 Kb8 53.
e6 Bd5 54. Rf8+ Kb7 55. e7 a6+ 56. Ka4 Bc6+ 57. Kb3 b5 58. e8=Q Bxe8 59. Rxe8
Kc7 60. Rg8 a5 61. Rxg6 a4+ 62. Kc2 b4 63. axb4 cxb4 64. Rxg5 Kb6 65. Rf5 Ka6
66. g5 Kb7 67. g6 a3 68. bxa3 bxa3 69. Kb3 a2 70. Kxa2 Kc7 71. g7 Kb6 72. g8=Q
Kc7 73. Rf6 Kd7 74. Qg7+ Kd8 75. Rf8# {Hossa checkmated} 1-0

[Event "ICS rated blitz match"]
[Site "204.178.125.65"]
[Date "2000.05.10"]
[Round "?"]
[White "Tiger450"]
[Black "Hossa"]
[Result "1-0"]
[WhiteElo "2832"]
[BlackElo "2502"]
[PlyCount "91"]
[EventDate "2000.??.??"]

1. d4 d5 2. c4 e6 3. cxd5 exd5 4. Nc3 Nf6 5. Bg5 Be7 6. e3 h6 7. Bh4 O-O 8. Bd3
Nc6 9. a3 Re8 10. Nf3 Bg4 11. h3 Bh5 12. Bg3 Nxd4 13. exd4 Bxa3+ 14. Ne2 Bxf3
15. gxf3 Bxb2 16. Rb1 Bxd4 17. Rxb7 Bb6 18. Ba6 Ba5+ 19. Kf1 Re6 20. Bd3 Bb6
21. Nf4 Re7 22. Ba6 d4 23. Nd3 Nd5 24. Qb3 Nc3 25. Qc4 Qd7 26. Kg2 Qd5 27. Qxd5
Nxd5 28. Bc4 Nc3 29. Nb4 Rd7 30. Rc1 h5 31. Nc6 g6 32. Ne5 Re7 33. Nxg6 Rd7 34.
Ne5 Re7 35. Nc6 Rd7 36. Kh1 Na4 37. Rg1 Kf8 38. Bf4 Re7 39. Bh6+ Ke8 40. Bb5
Nc3 41. Nb8+ Rd7 42. Re1+ Kd8 43. Bxd7 Ne4 44. Rxe4 Rxb8 45. Bc6 Rxb7 46. Re8#
{Hossa checkmated} 1-0

[Event "ICS rated blitz match"]
[Site "204.178.125.65"]
[Date "2000.05.10"]
[Round "?"]
[White "Hossa"]
[Black "QueenMaxima"]
[Result "1/2-1/2"]
[WhiteElo "2498"]
[BlackElo "2401"]
[PlyCount "175"]
[EventDate "2000.??.??"]

1. e4 e6 2. d4 d5 3. Nc3 Bb4 4. e5 c5 5. a3 Bxc3+ 6. bxc3 Ne7 7. Qg4 Qc7 8.
Qxg7 Rg8 9. Qxh7 cxd4 10. Ne2 Nbc6 11. f4 Bd7 12. Qd3 dxc3 13. Qxc3 Nf5 14. Rb1
O-O-O 15. Rg1 d4 16. Qd3 f6 17. exf6 e5 18. g4 Nh4 19. g5 Rge8 20. f7 Re7 21.
Qg3 Nf5 22. Qb3 Be6 23. Qb2 Rxf7 24. Bg2 Rh7 25. fxe5 Nxe5 26. g6 Nxg6 27.
Bxb7+ Qxb7 28. Qxb7+ Rxb7 29. Rxb7 Kxb7 30. Rxg6 Bc4 31. Rg2 Re8 32. Kd1 Re7
33. Nf4 Ne3+ 34. Bxe3 dxe3 35. Nd3 Kc6 36. h4 Bf7 37. Rg5 e2+ 38. Ke1 Be8 39.
Ra5 Kb6 40. Re5 Rxe5 41. Nxe5 Kc5 42. Kxe2 Kd4 43. Nd3 Kc3 44. Ke3 Kxc2 45. Ne5
Kb3 46. Kf4 a5 47. Kg5 a4 48. Kf6 Kxa3 49. Ke7 Kb4 50. Kxe8 Kc3 51. h5 a3 52.
h6 a2 53. h7 a1=Q 54. Kf8 Qh1 55. Kg7 Qg1+ 56. Ng6 Qd4+ 57. Ne5 Qxe5+ 58. Kg8
Qg5+ 59. Kh8 Qf6+ 60. Kg8 Qe6+ 61. Kh8 Kd4 62. Kg7 Qe7+ 63. Kg8 Qg5+ 64. Kh8
Qh5 65. Kg8 Qg6+ 66. Kh8 Qc6 67. Kg8 Qa8+ 68. Kg7 Qb7+ 69. Kh6 Qb6+ 70. Kg7
Qc7+ 71. Kg8 Qc8+ 72. Kg7 Qg4+ 73. Kh6 Qh3+ 74. Kg7 Qg3+ 75. Kh8 Qc3 76. Kg8
Qg3+ 77. Kh8 Qe5+ 78. Kg8 Qd5+ 79. Kf8 Qc5+ 80. Kg8 Qd5+ 81. Kf8 Qh1 82. Kg8
Qg2+ 83. Kh8 Qb7 84. Kg8 Qb8+ 85. Kg7 Qb7+ 86. Kh6 Qb8 87. Kg7 Qb7+ 88. Kh6
1/2-1/2

[Event "ICS rated standard match"]
[Site "204.178.125.65"]
[Date "2000.05.10"]
[Round "?"]
[White "solus"]
[Black "Hossa"]
[Result "0-1"]
[WhiteElo "2115"]
[BlackElo "2324"]
[PlyCount "52"]
[EventDate "2000.??.??"]

1. e4 e5 2. d3 Nf6 3. g3 Nc6 4. Bg2 d5 5. Nd2 Be7 6. Ngf3 dxe4 7. dxe4 O-O 8.
c3 Bg4 9. Qc2 Qd7 10. O-O Rad8 11. Re1 Bd6 12. b3 Be6 13. Bb2 Bh3 14. Bh1 Ng4
15. b4 a5 16. a3 Be7 17. Rad1 Qe6 18. Qb3 Qc8 19. Nc4 axb4 20. cxb4 Qe6 21.
Ncd2 Nd4 22. Nxd4 exd4 23. Bg2 Bxg2 24. Kxg2 Ne5 25. h3 b5 26. Qd3 Nxd3 {
solus resigns} 0-1

[Event "ICS rated blitz match"]
[Site "204.178.125.65"]
[Date "2000.05.10"]
[Round "?"]
[White "Hossa"]
[Black "warps"]
[Result "0-1"]
[WhiteElo "2494"]
[BlackElo "2695"]
[PlyCount "138"]
[EventDate "2000.??.??"]

1. e4 d5 2. exd5 Qxd5 3. Nc3 Qe5+ 4. Be2 Qg5 5. Bf3 Nf6 6. Nge2 Qh4 7. d4 Ng4
8. g3 Qf6 9. Bf4 Na6 10. h3 Nh6 11. Nd5 Qf5 12. c4 c6 13. Ndc3 Bd7 14. g4 Qg6
15. Bh2 O-O-O 16. Nf4 Qg5 17. Nd3 e6 18. h4 Qe7 19. Bf4 Be8 20. Ne2 c5 21. d5
exd5 22. cxd5 Bd7 23. Ne5 f5 24. Nxd7 Qxd7 25. g5 Ng4 26. O-O h6 27. Nc3 hxg5
28. Bxg5 Re8 29. Bxg4 fxg4 30. Re1 Rxe1+ 31. Qxe1 Nc7 32. Qe4 Bd6 33. Rd1 Re8
34. Qc2 g3 35. Ne4 gxf2+ 36. Nxf2 Kb8 37. Qd3 Rf8 38. Rd2 Rf5 39. Qh3 Qc8 40.
Qb3 Qe8 41. Qd1 Re5 42. Nd3 Rxd5 43. Qf3 c4 44. Re2 Qg6 45. Nf4 Qf7 46. Rf2 Rf5
47. Qh5 Qxh5 48. Nxh5 Bc5 49. Nf4 Nd5 50. Nxd5 Bxf2+ 51. Kg2 Bxh4 52. Bxh4 Rxd5
53. Bg3+ Kc8 54. Be1 Rd3 55. Bc3 g5 56. Be1 b5 57. Bc3 Rxc3 58. bxc3 b4 59. Kf3
b3 60. axb3 cxb3 61. Kg4 b2 62. Kf3 b1=Q 63. Kg4 Qg1+ 64. Kh5 g4 65. Kg5 g3 66.
Kg4 Qf2 67. c4 g2 68. Kh3 g1=Q 69. c5 Qfh2# {Hossa checkmated} 0-1

[Event "ICS rated standard match"]
[Site "204.178.125.65"]
[Date "2000.05.10"]
[Round "?"]
[White "markOpoleO"]
[Black "Hossa"]
[Result "1-0"]
[WhiteElo "2530"]
[BlackElo "2331"]
[PlyCount "79"]
[EventDate "2000.??.??"]

1. e4 e5 2. Nf3 Nc6 3. Bb5 a6 4. Ba4 Nf6 5. O-O Be7 6. Re1 b5 7. Bb3 d6 8. c3
O-O 9. h3 Bb7 10. d4 Re8 11. Nbd2 Bf8 12. a4 h6 13. Bc2 exd4 14. cxd4 Nb4 15.
Bb1 c5 16. d5 Nd7 17. Ra3 f5 18. exf5 Nf6 19. axb5 axb5 20. Rxa8 Qxa8 21. Ne4
Nfxd5 22. Nh4 Qa1 23. f6 Re6 24. fxg7 Bxg7 25. Qg4 Re7 26. Nf5 Qxb1 27. Nxe7+
Nxe7 28. Nf6+ Kf7 29. Qe6+ Kg6 30. Ne8+ Kh7 31. Qxe7 Qg6 32. Qxb7 Kg8 33. Nxg7
Qf7 34. Re7 Qxe7 35. Qxe7 Nd5 36. Qe6+ Kxg7 37. Bxh6+ Kh7 38. Bf8 Nf4 39. Qf7+
Kh8 40. Qg7# {Hossa checkmated} 1-0

[Event "ICS rated blitz match"]
[Site "204.178.125.65"]
[Date "2000.05.10"]
[Round "?"]
[White "DrVigilante"]
[Black "Hossa"]
[Result "1-0"]
[WhiteElo "2566"]
[BlackElo "2486"]
[PlyCount "83"]
[EventDate "2000.??.??"]

1. e4 c6 2. d4 Na6 3. Nf3 d6 4. Bxa6 Qa5+ 5. Nbd2 Qxa6 6. c4 d5 7. b3 b5 8.
cxd5 cxd5 9. O-O Bg4 10. Qe2 Nf6 11. e5 Nh5 12. h3 Bxh3 13. Nh4 Nf4 14. Qe3 Qh6
15. Ndf3 Bxg2 16. Nxg2 Nh3+ 17. Kh2 Nxf2+ 18. Qxh6 Ng4+ 19. Kh3 Nxh6 20. e6 f6
21. Bxh6 gxh6 22. Ne3 Rd8 23. Rfc1 a6 24. Rc5 Bg7 25. Nxd5 Rxd5 26. Rxd5 O-O
27. Rd7 Re8 28. Nh4 Bf8 29. Nf5 h5 30. d5 Kh8 31. Re1 Rc8 32. d6 Rc3+ 33. Kh2
Rc2+ 34. Kh1 Rc8 35. dxe7 Bxe7 36. Rxe7 h4 37. Rf7 Re8 38. e7 h6 39. Rg1 b4 40.
Rf8+ Rxf8 41. exf8=Q+ Kh7 42. Rg7# {Hossa checkmated} 1-0

[Event "ICS rated blitz match"]
[Site "204.178.125.65"]
[Date "2000.05.10"]
[Round "?"]
[White "grobdigger"]
[Black "Hossa"]
[Result "1/2-1/2"]
[WhiteElo "2213"]
[BlackElo "2481"]
[PlyCount "66"]
[EventDate "2000.??.??"]

1. e4 d5 2. exd5 Qxd5 3. Nc3 Qe5+ 4. Be2 Qg5 5. Bf3 Nf6 6. d4 Qf5 7. Nge2 Nc6
8. O-O Nb4 9. Ng3 Qxc2 10. Qe1 c6 11. Nge4 Kd8 12. a3 Nd3 13. Qe3 Bg4 14. Ng5
Ke8 15. Nce4 Bxf3 16. Qxf3 Rd8 17. Be3 h6 18. Nxf6+ gxf6 19. Ne4 Bg7 20. Rfd1
f5 21. Qxf5 e6 22. Qg4 Bf8 23. Rd2 Qc4 24. Nf6+ Ke7 25. b3 Qxb3 26. Qh4 Qc4 27.
Rad1 Nc1 28. Ne4+ Ke8 29. Nf6+ Ke7 30. Ne4+ Ke8 31. Nf6+ Ke7 32. Ne4+ Ke8 33.
Nf6+ Ke7 1/2-1/2

[Event "ICS rated blitz match"]
[Site "204.178.125.65"]
[Date "2000.05.10"]
[Round "?"]
[White "Dovregubben"]
[Black "Hossa"]
[Result "1-0"]
[WhiteElo "2420"]
[BlackElo "2471"]
[PlyCount "65"]
[EventDate "2000.??.??"]

1. e4 d5 2. exd5 Qxd5 3. Nc3 Qe5+ 4. Be2 Qg5 5. Bf3 Nf6 6. Nge2 Qh4 7. d4 Ng4
8. g3 Qf6 9. Nf4 Qf5 10. O-O h5 11. Re1 h4 12. h3 Nf6 13. g4 Qa5 14. Re5 c5 15.
Rxc5 Qd8 16. g5 Ng8 17. Nb5 Na6 18. Nd5 Bxh3 19. Ndc7+ Nxc7 20. Nxc7+ Kd7 21.
Qd3 e6 22. Qb5+ Ke7 23. Nxa8 b6 24. Rc7+ Qxc7 25. Nxc7 Kd8 26. Qe8+ Kxc7 27.
Bf4+ e5 28. Qxe5+ Kd7 29. Qc7+ Ke6 30. Qc6+ Ke7 31. Qd6+ Ke8 32. Bc6+ Bd7 33.
Qxd7# {Hossa checkmated} 1-0

[Event "ICS rated blitz match"]
[Site "204.178.125.65"]
[Date "2000.05.10"]
[Round "?"]
[White "chimichurri"]
[Black "Hossa"]
[Result "0-1"]
[WhiteElo "2097"]
[BlackElo "2456"]
[PlyCount "30"]
[EventDate "2000.??.??"]

1. e4 e5 2. Nf3 Nc6 3. Bc4 Nf6 4. d3 Be7 5. Nc3 d6 6. h3 Na5 7. Bb3 Nxb3 8.
axb3 Be6 9. O-O O-O 10. Re1 a5 11. Bg5 c6 12. Bxf6 Bxf6 13. d4 exd4 14. Nxd4
Qd7 15. Qh5 Bxd4 {chimichurri resigns} 0-1

[Event "ICS rated blitz match"]
[Site "204.178.125.65"]
[Date "2000.05.10"]
[Round "?"]
[White "Hossa"]
[Black "sanchess64"]
[Result "1-0"]
[WhiteElo "2460"]
[BlackElo "2030"]
[PlyCount "39"]
[EventDate "2000.??.??"]

1. e4 d5 2. exd5 Qxd5 3. Nc3 Qa5 4. d4 Nf6 5. Nf3 Bf5 6. Bc4 e6 7. Bd2 c6 8.
Nd5 Qd8 9. Nxf6+ Qxf6 10. c3 Nd7 11. Bg5 Qg6 12. O-O h6 13. Bh4 Bd6 14. Re1 O-O
15. Nd2 Nb6 16. Be2 c5 17. Bf3 Rab8 18. dxc5 Bxc5 19. Ne4 Be7 20. Bxe7 {
sanchess64 resigns} 1-0

[Event "ICS rated blitz match"]
[Site "204.178.125.65"]
[Date "2000.05.10"]
[Round "?"]
[White "Hossa"]
[Black "sanchess64"]
[Result "1-0"]
[WhiteElo "2462"]
[BlackElo "2022"]
[PlyCount "65"]
[EventDate "2000.??.??"]

1. e4 d5 2. exd5 Qxd5 3. Nc3 Qa5 4. d4 Nf6 5. Nf3 Bf5 6. Ne5 c6 7. Bc4 e6 8. g4
Bg6 9. Bd2 Nbd7 10. Nxg6 hxg6 11. g5 Nh5 12. d5 cxd5 13. Nxd5 Qd8 14. Nc3 Be7
15. Bb5 O-O 16. Be2 Bxg5 17. Bxg5 Qxg5 18. Qxd7 Rad8 19. Qxb7 Qd2+ 20. Kf1 Qxc2
21. Bxh5 gxh5 22. Rg1 Qd3+ 23. Kg2 Rb8 24. Qxa7 Rxb2 25. Qc7 Rc2 26. Rac1 h4
27. h3 Rb2 28. Qe5 Rc8 29. Ne4 Rd8 30. Nf6+ gxf6 31. Qxb2 Qe4+ 32. Kh2+ Kf8 33.
Qa3+ {sanchess64 resigns} 1-0

[Event "ICS rated blitz match"]
[Site "204.178.125.65"]
[Date "2000.05.10"]
[Round "?"]
[White "avishai"]
[Black "Hossa"]
[Result "0-1"]
[WhiteElo "2047"]
[BlackElo "2464"]
[PlyCount "70"]
[EventDate "2000.??.??"]

1. e4 e5 2. Nf3 Nc6 3. Bb5 a6 4. Ba4 Nf6 5. O-O Be7 6. Re1 b5 7. Bb3 d6 8. c3
O-O 9. h3 Na5 10. Bc2 c5 11. d4 Qc7 12. Nbd2 cxd4 13. cxd4 Bb7 14. Nf1 Rac8 15.
Bd3 d5 16. dxe5 Nxe4 17. Ne3 Rfd8 18. Bd2 Nxd2 19. Nxd2 Nc6 20. f4 Nd4 21. Kh1
g6 22. Rc1 Qxc1 23. Qxc1 Rxc1 24. Rxc1 Ne6 25. f5 d4 26. Ng4 Bxg2+ 27. Kh2 Nf4
28. f6 Bb4 29. Nh6+ Kf8 30. Be4 Ne6 31. Kxg2 Bxd2 32. Nxf7 Kxf7 33. Rc6 Bf4 34.
Rxa6 Bxe5 35. Bd3 Nf4+ {avishai resigns} 0-1

[Event "ICS rated standard match"]
[Site "204.178.125.65"]
[Date "2000.05.10"]
[Round "?"]
[White "Hossa"]
[Black "alkhateeb"]
[Result "0-1"]
[WhiteElo "2325"]
[BlackElo "2352"]
[PlyCount "78"]
[EventDate "2000.??.??"]

1. e4 c5 2. Nf3 e6 3. d4 cxd4 4. Nxd4 Nc6 5. Nc3 Qc7 6. Be2 a6 7. f4 Nf6 8. e5
Nxd4 9. Qxd4 Bc5 10. Qd2 Ng8 11. Ne4 f5 12. Nxc5 Qxc5 13. b4 Qc7 14. Bb2 Ne7
15. Rd1 b5 16. Bd4 Bb7 17. Bc5 Nd5 18. O-O Rg8 19. g3 O-O-O 20. Bf3 g5 21. Bxd5
Bxd5 22. Be7 gxf4 23. Bxd8 Kxd8 24. Qxf4 Rg4 25. Qe3 Re4 26. Qg5+ Kc8 27. Qg8+
Kb7 28. Qxh7 Bc6 29. Qg7 Rxe5 30. Rf2 Re4 31. Qf8 Qe5 32. Kf1 Qc3 33. Rb1 Qc4+
34. Kg1 Qd5 35. Qc8+ Kxc8 36. Rf3 Re1+ 37. Rxe1 Qxf3 38. Re4 Bxe4 39. c4 Qg2# {
Hossa checkmated} 0-1

[Event "ICS rated blitz match"]
[Site "204.178.125.65"]
[Date "2000.05.10"]
[Round "?"]
[White "toothfairy"]
[Black "Hossa"]
[Result "0-1"]
[WhiteElo "2121"]
[BlackElo "2470"]
[PlyCount "98"]
[EventDate "2000.??.??"]

1. e4 e5 2. Nf3 Nc6 3. Bc4 Bc5 4. d3 Nf6 5. Nc3 d6 6. Bg5 h6 7. Bh4 Bg4 8. h3
Bxf3 9. Qxf3 Nd4 10. Qd1 c6 11. Ne2 Nxe2 12. Qxe2 g5 13. Bg3 a5 14. a3 b5 15.
Bb3 a4 16. Ba2 Qa5+ 17. Qd2 Qxd2+ 18. Kxd2 Nh5 19. Rhf1 Bd4 20. c3 Bc5 21. Rad1
O-O 22. h4 Kg7 23. hxg5 hxg5 24. Rh1 Nxg3 25. fxg3 Rh8 26. Ke2 Raf8 27. g4 Rxh1
28. Rxh1 Kf6 29. Rh6+ Ke7 30. Kf3 Rd8 31. Rh7 d5 32. Ke2 Bg1 33. exd5 cxd5 34.
c4 bxc4 35. dxc4 Rb8 36. cxd5 Rxb2+ 37. Kf1 Rxa2 38. Kxg1 Rxa3 39. d6+ Kxd6 40.
Rxf7 Rg3 41. Ra7 Rxg4 42. Kf2 Rc4 43. Ke3 Ke6 44. Ra8 Kf5 45. Kf3 Rc3+ 46. Kf2
a3 47. Ra4 g4 48. g3 Rc2+ 49. Ke3 Rg2 {toothfairy resigns} 0-1

[Event "ICS rated blitz match"]
[Site "204.178.125.65"]
[Date "2000.05.10"]
[Round "?"]
[White "Hossa"]
[Black "toothfairy"]
[Result "1/2-1/2"]
[WhiteElo "2474"]
[BlackElo "2117"]
[PlyCount "77"]
[EventDate "2000.??.??"]

1. e4 e5 2. Nf3 d6 3. d4 Nd7 4. Bc4 c6 5. O-O Qc7 6. dxe5 dxe5 7. Nc3 Nb6 8.
Bb3 Bg4 9. Bg5 Be7 10. Bxe7 Qxe7 11. Qe2 Nf6 12. a4 O-O 13. a5 Nbd7 14. Rfd1
Nc5 15. Bc4 Rad8 16. b4 Ne6 17. Bxe6 Qxe6 18. a6 b6 19. Rxd8 Rxd8 20. Rd1 Rxd1+
21. Qxd1 Qe7 22. b5 cxb5 23. Nxb5 h6 24. Nd6 Bxf3 25. gxf3 Nh5 26. Nc8 Qg5+ 27.
Kf1 Nf4 28. Nxa7 Qg2+ 29. Ke1 Qg1+ 30. Kd2 Qxf2+ 31. Kc1 Qe3+ 32. Kb2 Qc5 33.
c3 Qc4 34. Qd8+ Kh7 35. Qxb6 Nd3+ 36. Kc2 Ne1+ 37. Kb2 Nd3+ 38. Kc2 Ne1+ 39.
Kb2 1/2-1/2

[Event "ICS rated blitz match"]
[Site "204.178.125.65"]
[Date "2000.05.10"]
[Round "?"]
[White "toothfairy"]
[Black "Hossa"]
[Result "1/2-1/2"]
[WhiteElo "2129"]
[BlackElo "2462"]
[PlyCount "128"]
[EventDate "2000.??.??"]

1. e4 e5 2. Nf3 Nc6 3. Bc4 Bc5 4. d3 Nf6 5. Bg5 d6 6. Nc3 h6 7. Bh4 Na5 8. Nd5
Nxc4 9. Bxf6 gxf6 10. dxc4 c6 11. Ne3 Be6 12. Qd3 Bxe3 13. fxe3 Rg8 14. O-O Qe7
15. Rad1 O-O-O 16. Rd2 Qc7 17. b3 Rg4 18. Rfd1 Qa5 19. a4 Kb8 20. h3 Rgg8 21.
Kh2 Rd7 22. Nh4 Qd8 23. Qe2 Rg7 24. Qf3 b6 25. Nf5 Bxf5 26. exf5 Kc7 27. e4 Rg5
28. b4 Qe7 29. Qe3 Kb8 30. c5 bxc5 31. bxc5 d5 32. exd5 Rxd5 33. Rxd5 cxd5 34.
Rb1+ Kc8 35. c6 d4 36. Qe4 Qc7 37. Rb7 Qa5 38. Rxf7 Qd2 39. Rxa7 Qe3 40. Qxe3
dxe3 41. Rb7 Rxf5 42. Rb1 Rf4 43. Re1 Rxa4 44. Rxe3 Rc4 45. c3 Rxc6 46. Kg3 Rc7
47. Kh4 Kd7 48. Kh5 Ke6 49. g4 f5 50. gxf5+ Kxf5 51. Kxh6 Kf4 52. Re1 Rc6+ 53.
Kh5 Rxc3 54. h4 e4 55. Rf1+ Kg3 56. Rg1+ Kf2 57. Rg8 e3 58. Rf8+ Ke2 59. Re8
Rc1 60. Kg5 Rg1+ 61. Kf4 Rf1+ 62. Kg5 Rg1+ 63. Kf4 Rf1+ 64. Kg5 Rg1+ 1/2-1/2